000 00322 a2200157 4500
001 169788
020 _a
040 _cMagnum
100 _aMachado, Maria Clara
240 1 0 _aDudu e o dinossauro
_lpor
245 1 0 _aDudu e o dinossauro
362 0 _a1899
440 1 _aEdiouro
697 _aIJ/ANIMAIS
942 _cBK
999 _c169788
_d169788